| 000 | 00703cam a2200193 4500 | ||
|---|---|---|---|
| 008 | 000000n2000 000 0 eng u | ||
| 035 | _a(Sirsi) u107263 | ||
| 245 | _aNew environmental risk assessment guidelines | ||
| 260 | _c2000 | ||
| 490 |
_aDETR Press Release _v(482) 19 July 2000, (2) |
||
| 520 | _aRevised guidelines for environmental risk assessment and management have been published by the DETR, Environment Agency and Institute for Environment and Health. | ||
| 590 | _aWB | ||
| 650 | _aRISK ASSESSMENT | ||
| 650 | _aENVIRONMENTAL MANAGEMENT | ||
| 650 | _aGUIDANCE | ||
| 650 | _aRISK MANAGEMENT | ||
| 690 | _aENVIRONMENTAL AND LAND CONSULTANCY-ENVIRONMENTAL MANAGEMENT | ||
| 942 | _n0 | ||
| 999 |
_c64127 _d64127 |
||